| 000 | 01399cam a22001934a 4500 | ||
|---|---|---|---|
| 005 | 20250605164043.0 | ||
| 008 | 250528s ||||||||||||||||||||||||d | ||
| 035 | _a17058 | ||
| 040 |
_aGR-AtMCL _bgre _dGR-AtMCL _eAACR2 |
||
| 245 | 1 | _aΟι Τρεις Ταυτότητες της Ελληνικής Οικογένειας / Ψυχοκοινωνικές Διεργασίες | |
| 250 | _a2η | ||
| 260 |
_bΚέδρος, _c1984 |
||
| 300 | _a216 | ||
| 520 | _aΣ'αυτό το βιβλίο η προσπάθεια συγκεντρώνεται στο να εξηγηθεί η χαοτική ενδοοικογενειακή συναλλαγή με βάση τα αλληλοσυγκρουόμενα πρότυπα ζωής. Πρόλογος, Εισαγωγή, Η Ελληνική Κοινωνία, και η Αντοχή των Οικογενειακών Δεσμών, Ελληνική Οικογένεια: Αλληλοσυγκρουόμενα Πρότυπα, Η Θέση του Παιδιού και τα Τρία Πρότυπα Ζωής, Τα Τρία Πρόσωπα της Εύας, Άντρας: Η Φανερή Δύναμη και η Κρυμμένη Αδυναμία, Εσωτερική Σύγχυση - Χαοτική Επικοινωνία, Επίλογος, Βιβλιογραφία. | ||
| 700 | 1 |
_aΚατάκη Χάρις Δ _93188 |
|
| 942 | _cBK | ||
| 999 |
_c2498 _d2498 |
||